Статистика: учебное пособие для вузов

Bibliographic Details
Main Author: Переяслова И. Г. Ирина Геннадьевна
Other Authors: Колбачев Е. Б. Евгений Борисович, Переяслова О. Г. Ольга Геннадьевна
Summary:В учебном пособии в соответствии с государственным образовательным стандартом изложены базовые статистические методы, применяемые в экономике и управлении, рассматриваются вопросы общей теории статистики, применение статистических методов в современном менеджменте на микро- и макроуровне, вопросы социальной статистики, а также применение статистических методов для моделирования социально-экономических явлений и процессов. Учебное пособие насыщено многочисленными примерами и содержит задания по каждому разделу. Предназначено для студентов экономических специальностей вузов, а также для преподавателей, аспирантов.
Language:Russian
Published: Ростов-на-Дону, Феникс, 2005
Series:Высшее образование
Subjects:
Format: Book
KOHA link:https://koha.lib.tpu.ru/cgi-bin/koha/opac-detail.pl?biblionumber=63631

MARC

LEADER 00000nam0a2200000 4500
001 63631
005 20231101212058.0
010 |a 5222067564 
035 |a (RuTPU)RU\TPU\book\67528 
090 |a 63631 
100 |a 20040519d2005 m y0rusy50 ca 
101 0 |a rus 
102 |a RU 
105 |a a j 001zy 
200 1 |a Статистика  |e учебное пособие для вузов  |f И. Г. Переяслова, Е. Б. Колбачев, О. Г. Переяслова 
210 |a Ростов-на-Дону  |c Феникс  |d 2005 
215 |a 282 с.  |c ил. 
225 1 |a Высшее образование 
320 |a Библиогр.: с. 276-278. 
330 |a В учебном пособии в соответствии с государственным образовательным стандартом изложены базовые статистические методы, применяемые в экономике и управлении, рассматриваются вопросы общей теории статистики, применение статистических методов в современном менеджменте на микро- и макроуровне, вопросы социальной статистики, а также применение статистических методов для моделирования социально-экономических явлений и процессов. Учебное пособие насыщено многочисленными примерами и содержит задания по каждому разделу. Предназначено для студентов экономических специальностей вузов, а также для преподавателей, аспирантов. 
606 |a Статистика  |2 stltpush  |3 (RuTPU)RU\TPU\subj\56822  |9 74712 
610 1 |a предмет 
610 1 |a метод 
610 1 |a статистические данные 
610 1 |a статистическое оценивание 
610 1 |a статистические гипотезы 
610 1 |a многомерный анализ 
610 1 |a временные ряды 
610 1 |a индексы 
610 1 |a экономическая статистика 
610 1 |a статистический учет 
610 1 |a продукция 
610 1 |a национальные счета 
610 1 |a социально-экономические системы 
610 1 |a социально-экономическая статистика 
610 1 |a эконометрика 
610 1 |a социальная статистика 
610 1 |a учебные пособия 
686 |a С6я73  |v LBC/SL-A  |2 rubbk 
700 1 |a Переяслова  |b И. Г.  |g Ирина Геннадьевна 
701 1 |a Колбачев  |b Е. Б.  |g Евгений Борисович 
701 1 |a Переяслова  |b О. Г.  |g Ольга Геннадьевна 
801 1 |a RU  |b 63413507  |c 20040519  |g PSBO 
801 2 |a RU  |b 63413507  |c 20181115  |g PSBO 
900 |a Статистика 
900 |a Математические методы исследования экономики 
942 |c BK 
951 |b 080100 
959 |a 18/20060226  |d 2  |e 83,93  |f АНЛ:1  |f НФ:1